| 000 -LEADER |
| fixed length control field |
01882cam a2200373 i 4500 |
| 001 - CONTROL NUMBER |
| control field |
17597759 |
| 003 - CONTROL NUMBER IDENTIFIER |
| control field |
OSt |
| 005 - DATE AND TIME OF LATEST TRANSACTION |
| control field |
20240220102637.0 |
| 008 - FIXED-LENGTH DATA ELEMENTS--GENERAL INFORMATION |
| fixed length control field |
130122s2013 enk b 001 0 eng |
| 010 ## - LIBRARY OF CONGRESS CONTROL NUMBER |
| LC control number |
2013001756 |
| 020 ## - INTERNATIONAL STANDARD BOOK NUMBER |
| International Standard Book Number |
9780415693301 (hardback) |
| 020 ## - INTERNATIONAL STANDARD BOOK NUMBER |
| International Standard Book Number |
9780415693318 (pb) |
| 020 ## - INTERNATIONAL STANDARD BOOK NUMBER |
| Canceled/invalid ISBN |
9780203743867 (ebook) |
| 040 ## - CATALOGING SOURCE |
| Original cataloging agency |
DLC |
| Language of cataloging |
eng |
| Transcribing agency |
DLC |
| Description conventions |
rda |
| Modifying agency |
DLC |
| 042 ## - AUTHENTICATION CODE |
| Authentication code |
pcc |
| 050 00 - LIBRARY OF CONGRESS CALL NUMBER |
| Classification number |
B2430.F724 |
| Item number |
F584 2013 |
| 082 00 - DEWEY DECIMAL CLASSIFICATION NUMBER |
| Classification number |
720.1 |
| Edition number |
23 |
| Author Mark |
FON |
| 084 ## - OTHER CLASSIFICATION NUMBER |
| Classification number |
ARC000000 |
| -- |
ARC001000 |
| -- |
PHI000000 |
| Number source |
bisacsh |
| 100 1# - MAIN ENTRY--PERSONAL NAME |
| Personal name |
Fontana-Giusti, Gordana, |
| Relator term |
author. |
| 9 (RLIN) |
120769 |
| 245 10 - TITLE STATEMENT |
| Title |
Foucault for architects / |
| Statement of responsibility, etc. |
Gordana Fontana-Giusti. |
| 260 ## - PUBLICATION, DISTRIBUTION, ETC. |
| Place of publication, distribution, etc. |
London: |
| Name of publisher, distributor, etc. |
Routledge; |
| Date of publication, distribution, etc. |
2013. |
| 300 ## - PHYSICAL DESCRIPTION |
| Extent |
xii, 181 pages ; |
| Dimensions |
22 cm. |
| 490 0# - SERIES STATEMENT |
| Series statement |
Thinkers for architects |
| 504 ## - BIBLIOGRAPHY, ETC. NOTE |
| Bibliography, etc. note |
Includes bibliographical references (pages 165-174) index. |
| 520 ## - SUMMARY, ETC. |
| Summary, etc. |
"Offering an excellent entry point into the remarkable work of Michel Foucault, this book provides a focused overture suitable for architects, designers, urban designers, students of architectural design and related histories and theories. Michel Foucault has had a significant impact on various aspects of architecture and its critical discourse. This book focuses on a number of subject areas, historical and theoretical issues addressed by Foucault that have been relevant for architectural knowledge, its history and its practice. "-- |
| 600 10 - SUBJECT ADDED ENTRY--PERSONAL NAME |
| Personal name |
Foucault, Michel, |
| Dates associated with a name |
1926-1984. |
| 9 (RLIN) |
120770 |
| 650 #0 - SUBJECT ADDED ENTRY--TOPICAL TERM |
| Topical term or geographic name entry element |
Architecture |
| General subdivision |
Philosophy. |
| 9 (RLIN) |
9547 |
| 650 #7 - SUBJECT ADDED ENTRY--TOPICAL TERM |
| Topical term or geographic name entry element |
ARCHITECTURE / General. |
| Source of heading or term |
bisacsh |
| 9 (RLIN) |
30312 |
| 650 #7 - SUBJECT ADDED ENTRY--TOPICAL TERM |
| Topical term or geographic name entry element |
ARCHITECTURE / Criticism. |
| Source of heading or term |
bisacsh |
| 9 (RLIN) |
120771 |
| 650 #7 - SUBJECT ADDED ENTRY--TOPICAL TERM |
| Topical term or geographic name entry element |
PHILOSOPHY / General. |
| Source of heading or term |
bisacsh |
| 9 (RLIN) |
14119 |
| 906 ## - LOCAL DATA ELEMENT F, LDF (RLIN) |
| a |
7 |
| b |
cbc |
| c |
orignew |
| d |
1 |
| e |
ecip |
| f |
20 |
| g |
y-gencatlg |
| 942 ## - ADDED ENTRY ELEMENTS (KOHA) |
| Source of classification or shelving scheme |
|
| Koha item type |
Book |
| Institution code [OBSOLETE] |
SADA |
| Call number prefix |
720.1 FON 2013 |